书目信息 |
| 书名: | Step-By-Step Tiling Projects | |
| 作者: | Paula Marshall | |
| 分册号: | ||
| 分册名: | 出版地: | AMERICA |
|
| 出版社: | Meredith Books | |
| 出版时间: | 1998 | |
| 页数: | 112P | |
| 开本: | 27CM | |
| 丛书名: | ||
| 中图分类号: | ||
| 科图分类号: | ||
| 其他分类号: | TU525 | |
| 主题词: | ||
| 电子资源: | ||
| 000 | 00394nam0 2200145 450 | |
| 001 | 202012002756 | |
| 005 | 20121130092011.0 | |
| 008 | 12113001s | |
| 020 | @a9780696208188@c$12.95 | |
| 099 | @dTU525@eP3249 | |
| 245 | 10 | @aStep-By-Step Tiling Projects@cPaula Marshall |
| 260 | 0 | @aAMERICA@bMeredith Books@c1998 |
| 300 | @a112P@c27CM | |
| 905 | @b13556-7 | |
| 905 | @aTSG@dTU525@eP3249 | |
| Step-By-Step Tiling Projects / Paula Marshall.-AMERICA : Meredith Books , 1998 |
| 112P ; 27CM |
| ISBN 9780696208188$12.95 |
| ● |
| 相关链接 |
|
|
|
正题名:Step-By-Step Tiling Projects
索取号:TU525/P3249
 
预约/预借
| 序号 | 登录号 | 条形码 | 馆藏地/架位号 | 状态 | 备注 |
| 1 | 13556 | 300135565 | 建筑库201/201建筑库 7排1列5层/ [索取号:TU525/P3249] | 在馆 | |
| 2 | 13557 | 300135574 | 建筑库201/201建筑库 7排1列5层/ [索取号:TU525/P3249] | 在馆 |